| 000 | 00956nmc a2200337 a 4500 | ||
|---|---|---|---|
| 003 | AR-BaBNM | ||
| 005 | 20251128205047.0 | ||
| 008 | 226019s1993 ||||||||||||||000 | spa|| | ||
| 020 | _a950-602-292-5 | ||
| 040 | _cAR-BaBNM | ||
| 100 | 1 | _aLaclau, Ernesto | |
| 245 | 1 | 0 | _aNuevas reflexiones sobre la revolución de nuestro tiempo |
| 260 |
_aBuenos Aires _bNueva Visión _c1993 |
||
| 300 | 0 | _a269 p. | |
| 490 | 0 | _aCultura y sociedad | |
| 500 | 1 | _aContiene un apéndice titulado "Más allá del análisis del discurso", de Slavoj Zizek | |
| 650 | 4 | _aDEMOCRACIA | |
| 650 | 4 | _aSISTEMAS POLITICOS | |
| 650 | 4 | _aSOCIALISMO | |
| 650 | 4 | _aSOCIEDAD FUTURA | |
| 650 | 4 | _aCAMBIO SOCIAL | |
| 650 | 4 | _aSOCIOLOGIA POLITICA | |
| 650 | 4 | _aPSICOANALISIS | |
| 650 | 4 | _aCOMUNISMO | |
| 650 | 4 | _aREVOLUCION | |
| 651 | 4 | _aSudafrica | |
| 700 | 1 |
_aLaclau, Ernesto _etraductor |
|
| 800 | 1 |
_aAltamirano, Carlos _edirector |
|
| 942 | _cBK | ||
| 998 | _cEnrique | ||
| 999 |
_c9823 _d9823 |
||